Taipei - Choix Multiples - Statistiques

Statistiques générales
  • Ce quiz a été pris 41 fois
  • Le résultat moyen est 6 sur 10
Statistiques - réponses
Question Réponse % Correct
Sur quelle île se trouve Taipei? Taiwan
100%
Lequel de ces bâtiment est situé à Taipei?
81%
Quel pays prend le contrôle de Taipei en 1895? Le Japon
62%
De quel parti politique faisait partie Tchang Kaï-chek, l'homme qui a fait de Taïwan une capitale? Kuomintang
59%
Avec quel animal prépare-t-on le bouillon de la soupe de nouilles protagoniste d'un concours annuel à Taipei? Bœuf
57%
Depuis 1949, de quel pays Taipei est-elle la capitale? La République de Chine
57%
Quelle photo parmi les suivantes représente le Temple de Longhan, situé à Taipei?
54%
Quelle personnalité parmi celles-ci a un mémorial qui lui est dédié? Sun Yat-sen
49%
Si vous parcourez le Yangmingshan, que parcourez-vous en réalité? Un parc national
46%
Quel sport ne peut-on pas pratiquer à la Taipei Arena? Football
27%
Aucun quiz correspondant
Distribution des résultats
% des personnes avec chaque résultat
Percentile par nombre de réponses
Votre historique - résultats
Vous n’avez pas pris ce quiz